00700nam a2200217Ia 4500008004100000100001300041245011600054260001100170300002000181440002700201521000900228650002200237650002500259650002700284650001900311650001600330650002600346942000700372999001900379952008400398140626s9999 xx 000 0 und d aMa, Yu.. 3aAn empirical investigation of the impact of gasoline prices on grocery shopping behavior /cYu Ma ... [et al.]. cc2011. a75 : 2, page 18 aJournal of Marketing  aBSBA aGas price effect. aGrocery expenditure. aMacroeconomic factors. aPrivate label. aPromotions. aRetail format choice. cSE c121093d121093 001040aCLbCLcPERd2014-06-26l0pS0201r2014-06-26 00:00:00w2014-06-26ySE